[Event "IECC CL5-2004.23 email"]
[Site "IECC email"]
[Date "2004.09.03"]
[Round "?"]
[White "Dobrzycki, Tomasz"]
[Black "Wakeham, Marc R"]
[Result "1/2-1/2"]
[WhiteElo "1568"]
[BlackElo "1382"]
[PlyCount "51"]
[EventDate "2004.??.??"]
[EventType "tourn (corr)"]
[EventRounds "4"]
[SourceTitle "Corr 2008"]
[Source "ChessBase"]
[SourceDate "2008.06.24"]
[SourceVersion "1"]
[SourceVersionDate "2008.06.24"]
[SourceQuality "1"]

1. e4 d6 2. d4 Nf6 3. Nc3 g6 4. g3 Bg7 5. Bg2 0-0 6. Nge2 c5 7. d5 Nbd7 8. 0-0 a6 9. Be3 b5 10. a3 Nb6 11. b3 Bd7 12. Rc1 c4 13. Bxb6 Qxb6 14. bxc4 bxc4 15. Rb1 Qa5 16. Qc1 Rab8 17. Re1 Rb6 18. Rxb6 Qxb6 19. Qb1 Rb8 20. Qxb6 Rxb6 21. Rb1 Rxb1+ 22. Nxb1 Ba4 23. c3 Nd7 24. Nd2 Bb3 25. Bf1 a5 26. Nc1 1/2-1/2

[Event "IECC Swiss-458.3"]
[Site "IECC email"]
[Date "2004.08.17"]
[Round "?"]
[White "Dobrzycki, Tomasz"]
[Black "Corbacho, Jose Luis"]
[Result "0-1"]
[WhiteElo "1560"]
[BlackElo "1494"]
[PlyCount "62"]
[EventDate "2004.??.??"]
[EventType "swiss (corr)"]
[EventRounds "1"]
[SourceTitle "Corr 2020"]
[Source "ChessBase"]
[SourceDate "2019.09.30"]
[SourceVersion "1"]
[SourceVersionDate "2019.09.30"]
[SourceQuality "1"]
[WhiteTeam "Poland"]
[BlackTeam "Spain"]
[WhiteTeamCountry "POL"]
[BlackTeamCountry "ESP"]

1. e4 d5 2. exd5 Nf6 3. d4 Bg4 4. Be2 Bxe2 5. Nxe2 Qxd5 6. 0-0 Nc6 7. c3 0-0-0 8. Be3 e5 9. Na3 Ng4 10. h3 Nxe3 11. fxe3 exd4 12. exd4 Bd6 13. Qd3 g6 14. Nb5 f5 15. c4 Qe6 16. d5 Bc5+ 17. Kh1 Qe5 18. Qc2 Nb4 19. Qd2 c6 20. a3 Nxd5 21. Nxa7+ Bxa7 22. cxd5 Rxd5 23. Qc2 Rc5 24. Nc3 Bb8 25. g4 fxg4 26. hxg4 h5 27. Rf2 hxg4+ 28. Kg1 g3 29. Re2 Qd4+ 30. Kg2 Rh2+ 31. Kf1 Rf5+ 0-1